000 00289nam a22001337a 4500
008 170612b xxu||||| |||| 00| 0 eng d
020 _a0684144694
041 _aeng
080 _a324
100 _a19
101 _aSHP
245 _aPRESIDENTAL ELECTIONS
_cPOLSBY.N.W
942 _2udc
_cBK
999 _c16938
_d16938